Estatísticas para Nepal

Clique aqui para jogar o quiz

Estatísticas Gerais

  • Esse quiz foi jogado 11 vezes
  • A pontuação média é 4 de 12

Estatísticas das Respostas

HintResposta% Correto
Onde fica?Ásia
100%
Qual é a sua capital?Catmandu
60%
Qual é o seu código ISO?NPL
60%
Qual é a sua religião?Budismo
50%
Qual é a sua principal atividade económica?Agricultura
40%
Qual é o nome do monte mais conhecido do país?Everest
40%
Qual é o seu idioma?Nepali
40%
Qual é a sua moeda?Rupia nepalesa
20%
Com que país faz fronteira a Norte?Tibete
10%
Qual é o seu prato típico?Dal bhat
0%
Como se chamam as festas mais conhecidas do país?Dashain
0%
Qual é a sua dança típica?Lakhey
0%

Distribuição das Pontuações

Percentil de Números Respondidos

Porcentagem de Pessoas com Cada Pontuação

Sua Pontuação Histórica

Você não jogou esse quiz